Špecifiká Generácie Y z pohľadu súčasnej spoločnosti hodnôt a marketingovej komunikácie
Generácia Y predstavuje v súčasnosti atraktívny segment trhu. Je ambiciózna, individualisticky založená a liberálna. Spoločnos[ jej dáva priestor naplno sa prejaviť v pracovnom, kariérnom, ale aj v osobnom živote. Jej členovia sú vzdelanejší, informovanejší, ovládajú cudzie jazyky, veIa cestujú a zá...
Guardado en:
| Autor principal: | |
|---|---|
| Formato: | Capítulo de libro |
| Lenguaje: | eslovaco |
| Materias: | |
| Etiquetas: |
Sin Etiquetas, Sea el primero en etiquetar este registro!
|
MARC
| LEADER | 00000nla a2200000 4500 | ||
|---|---|---|---|
| 001 | 0242318 | ||
| 005 | 20240417075136.7 | ||
| 041 | 0 | |a slo | |
| 044 | |a SK | ||
| 245 | 1 | 0 | |a Špecifiká Generácie Y z pohľadu súčasnej spoločnosti hodnôt a marketingovej komunikácie |c Petra Grešková |
| 520 | |a Generácia Y predstavuje v súčasnosti atraktívny segment trhu. Je ambiciózna, individualisticky založená a liberálna. Spoločnos[ jej dáva priestor naplno sa prejaviť v pracovnom, kariérnom, ale aj v osobnom živote. Jej členovia sú vzdelanejší, informovanejší, ovládajú cudzie jazyky, veIa cestujú a zážitky radi zdieIajú. Využívajú najmodernejšie zariadenia na komunikáciu, ako sociálne médiá, na ktorých trávia veIa času, v dôsledku čoho sa u nich prejavuje intenzívnejšia komunikácia, ľahšie nadväzovanie vzťahov, potreba zdieIania, ale aj konzumný spôsob života, tvorba virtuálnych priateIstiev, či väčšia anonymita. Profilové charakteristiky jednotlivých generácií a špecifiká generácie Y z pohIadu spotrebiteIského správania, hodnôt a hodnotovej orientácie, ako aj z pohIadu marketingovej komunikácie a využívania médií. | ||
| 610 | 2 | 0 | |a generácie |
| 610 | 2 | 0 | |a komunikácia marketingová |
| 610 | 2 | 0 | |a trh spotrebiteľský |
| 610 | 2 | 0 | |a vývoj spoločenský |
| 610 | 2 | 0 | |a technológie informačné |
| 610 | 2 | 0 | |a technológie komunikačné |
| 100 | 1 | |a Grešková, Petra | |